000 00742nam a2200169 4500
001 121905
003 ES-MaACL
005 20230906191848.0
007 t|
008 070214s1907 sp r ||||1| spa d
100 1 _aPoblación, Casimiro.
_992683
245 1 0 _aConsideraciones clínicas sobre las nefroptosis : etiología-fenómenos de retención y tratamiento del riñón móvil : memoria de doctorado
_b: etiología-fenómenos de retención y tratamiento del riñón móvil : memoria de doctorado /
_cpor Casimiro Población.
260 _aSalamanca :
_b[s. n.],
_c1907 (
_fImp. y Lib. de Francisco Nuñez Izquierdo)
300 _a88 p.
500 _aTesis Doctoral, Universidad Central de Madrid, 1907.
852 _aES-MaACL
_jT-1135-F-4
999 _c121905
_d121905